FTU Royal Rumble Year 10 Participants [Men's] - Statistics

General Stats
  • This quiz has been taken 2 times
  • The average score is 15 of 30
Answer Stats
Entry Number Entrant % Correct
11 Cody Rhodes
100%
24 Adam Vicious
50%
1 Angelo Walker
50%
12 Asbestos
50%
9 Ax Ishtar
50%
18 Big Hutchie
50%
6 Blade
50%
22 Miles Kendrink
50%
29 Brett Storm
50%
19 Brian Quinn
50%
8 Bulee Johnson
50%
16 CM Punk
50%
23 Declan Manix
50%
20 EL6
50%
4 Genichiro Tenryu
50%
5 Joker The Wize
50%
3 Leviathan
50%
10 Lil'Klown
50%
13 MadCapthulhu
50%
14 Martin Lee
50%
25 Maverick
50%
26 Project Mitch
50%
21 Rex Steiner
50%
15 Saucy
50%
17 Taylon Blackveil
50%
30 Thomas Payne
50%
28 TJ Ward
50%
2 Tom MacDonald
50%
27 Vincent Green
50%
7 Elijah Archer
0%
No matching quizzes found
Score Distribution
Percent of People with Each Score
Percentile by Number Answered
Your Score History
You have not taken this quiz